000 00209nam a22000857a 4500
008 160719b xxu||||| |||| 00| 0 eng d
100 _93053
_aVerma S
245 _aMathematics VIII
260 _aNew Delhi
_bPrachi
_c2013
999 _c2616
_d2616